Classifica Serie A 2014-2015 - Statistics

Statistiche generali
  • Questo quiz è stato fatto 119 volte
  • Il punteggio medio è 18 su 20
Statistiche sulle risposte
Squadra Punti Vinte Pareggiate Perse Gol fatti Gol subiti % Corretto
Lazio 69 21 6 11 71 38
100%
Roma 70 19 13 6 54 31
100%
Inter 55 14 13 11 59 48
99%
Juventus 87 26 9 3 72 24
99%
Milan 52 13 13 12 56 50
99%
Napoli 63 18 9 11 70 54
99%
Fiorentina 64 18 10 10 61 46
98%
Genoa 59 16 11 11 62 47
94%
Sampdoria 56 13 17 8 48 42
93%
Udinese 41 10 11 17 43 56
93%
Atalanta 37 7 16 15 38 57
92%
Palermo 49 12 13 13 53 55
91%
Sassuolo 49 12 13 13 49 57
88%
ChievoVerona 43 10 13 15 28 41
87%
Hellas Verona 46 11 13 14 49 65
87%
Parma 19 6 8 24 33 75
87%
Torino 54 14 12 12 478 45
87%
Cagliari 34 8 10 20 48 68
81%
Empoli 42 8 18 12 46 52
74%
Cesena 24 4 18 22 36 73
61%
Nessun quiz corrispondente trovato
Distribuzione punteggi
Percentuale di utenti per punteggio
Percentile per numero di risposta
I tuoi punteggi nel tempo
Non hai fatto questo quiz